00998nam a2200241 a 450000100100000000500170001000800410002702000150006804000180008304100080010124501260010926000720023530000400030750000210034750000320036850400730040070000330047370000320050670000350053871000610057395201050063499900170073900003733520200930080310.0120328s1994 sp a 001 0 spa d a8400073762 aDO-SdBNPbspa17aeng00aTrace element analytical chemistry in medicine and biology /ceditors: Peter Bräter, Bartolomé Ribas, Peter Schramel. aMadrid :bConsejo Superior de Investigaciones Científicas,c1994. av. (XIII, 500 p. ) :bil. ;c25 cm. aIncluye índice aLa biblioteca posee el v. 6 aIncluye referencias bibliográficas y notas al pie de las páginas1 aBrätter, Petereed.9638021 aSchramel, Petereed.9638031 aRibas, Bartoloméeed.9638042 aConsejo Superior de Investigaciones Científicas,94786 001050718MOaGRbGRcCTd2012-03-28iLF1l0o p37335-10r2020-06-25w2020-06-25y1ZNo se presta c36825d36825